[Event "MSRCH16"]
[Site "?"]
[Date "2026.04.15"]
[Round "7.1"]
[White "Simko, Jakub"]
[Black "Meszaros, Casey Ryan"]
[Result "1/2-1/2"]
[BlackElo "2204"]
[WhiteElo "2025"]
[LiveChessVersion "1.4.8"]

1. d4 {[%clk 1:30:54]} Nf6 {[%clk 1:29:45]} 2. Nf3 {[%clk 1:31:11]} e6
{[%clk 1:30:08]} 3. e3 {[%clk 1:30:39]} b6 {[%clk 1:29:27]} 4. Bd3
{[%clk 1:30:48]} Bb7 {[%clk 1:29:37]} 5. Nbd2 {[%clk 1:31:05]} c5
{[%clk 1:28:22]} 6. O-O {[%clk 1:30:13]} cxd4 {[%clk 1:19:09]} 7. exd4
{[%clk 1:30:32]} Be7 {[%clk 1:18:29]} 8. c3 {[%clk 1:27:44]} O-O {[%clk 1:17:51]}
9. Re1 {[%clk 1:27:15]} Qc7 {[%clk 1:15:18]} 10. Qe2 {[%clk 1:21:31]} h6
{[%clk 0:52:00]} 11. Ne4 {[%clk 1:16:57]} Nxe4 {[%clk 0:37:06]} 12. Bxe4
{[%clk 1:17:09]} Bxe4 {[%clk 0:36:59]} 13. Qxe4 {[%clk 1:17:31]} d5
{[%clk 0:36:58]} 14. Qg4 {[%clk 1:09:14]} Kh7 {[%clk 0:34:54]} 1/2-1/2

[Event "MSRCH16"]
[Site "?"]
[Date "2026.04.15"]
[Round "7.2"]
[White "Ondreicka, Roman"]
[Black "Vasko, Matej"]
[Result "1/2-1/2"]
[BlackElo "2013"]
[WhiteElo "1999"]
[LiveChessVersion "1.4.8"]

1. d4 {[%clk 1:29:45]} d5 {[%clk 1:30:52]} 2. c4 {[%clk 1:30:04]} e6
{[%clk 1:31:14]} 3. Nc3 {[%clk 1:30:29]} Nf6 {[%clk 1:30:49]} 4. cxd5
{[%clk 1:30:43]} exd5 {[%clk 1:30:30]} 5. Bg5 {[%clk 1:31:01]} Be7
{[%clk 1:30:43]} 6. e3 {[%clk 1:31:12]} h6 {[%clk 1:30:56]} 7. Bh4
{[%clk 1:31:15]} c6 {[%clk 1:30:52]} 8. Bd3 {[%clk 1:30:56]} O-O {[%clk 1:30:58]}
9. Nge2 {[%clk 1:30:39]} Ne4 {[%clk 1:22:40]} 10. Bxe7 {[%clk 1:28:51]} Qxe7
{[%clk 1:22:58]} 11. Qc2 {[%clk 1:12:51]} Nd6 {[%clk 1:12:41]} 12. Ng3
{[%clk 1:06:05]} a5 {[%clk 1:06:50]} 13. Nf5 {[%clk 0:54:17]} Nxf5
{[%clk 0:57:05]} 14. Bxf5 {[%clk 0:54:41]} Bxf5 {[%clk 0:55:04]} 15. Qxf5
{[%clk 0:55:06]} Nd7 {[%clk 0:54:01]} 16. O-O {[%clk 0:52:39]} Nb6
{[%clk 0:52:52]} 17. Rfc1 {[%clk 0:50:42]} Rfe8 {[%clk 0:50:51]} 18. Ne2
{[%clk 0:49:00]} Nc4 {[%clk 0:50:08]} 19. Rc2 {[%clk 0:45:18]} Qb4
{[%clk 0:33:19]} 20. Nf4 {[%clk 0:32:41]} Qb6 {[%clk 0:29:40]} 21. h3
{[%clk 0:30:55]} a4 {[%clk 0:27:04]} 22. Re1 {[%clk 0:25:02]} Nd6
{[%clk 0:20:32]} 23. Qd3 {[%clk 0:23:01]} Re4 {[%clk 0:16:36]} 24. Ree2
{[%clk 0:19:43]} Nb5 {[%clk 0:15:48]} 25. g3 {[%clk 0:19:08]} Nd6
{[%clk 0:15:06]} 26. Kh2 {[%clk 0:18:15]} Ra5 {[%clk 0:13:38]} 27. Kg1
{[%clk 0:15:29]} Re8 {[%clk 0:13:50]} 28. Kh2 {[%clk 0:15:10]} Rb5
{[%clk 0:11:06]} 29. Kg1 {[%clk 0:14:26]} Ra5 {[%clk 0:09:14]} 30. Kh2
{[%clk 0:14:52]} Rb5 {[%clk 0:07:55]} 1/2-1/2

[Event "MSRCH16"]
[Site "?"]
[Date "2026.04.15"]
[Round "7.3"]
[White "Bilik, Matej"]
[Black "Bartelt, Tobias"]
[Result "1-0"]
[BlackElo "1830"]
[WhiteElo "2009"]
[LiveChessVersion "1.4.8"]

1. e4 {[%clk 1:30:59]} c5 {[%clk 1:30:55]} 2. Nf3 {[%clk 1:31:24]} Nc6
{[%clk 1:31:22]} 3. Bb5 {[%clk 1:31:46]} e5 {[%clk 1:31:46]} 4. Nc3
{[%clk 1:31:58]} Bd6 {[%clk 1:31:12]} 5. d3 {[%clk 1:28:41]} a6 {[%clk 1:27:44]}
6. Bc4 {[%clk 1:27:32]} b5 {[%clk 1:26:30]} 7. Bb3 {[%clk 1:24:00]} h6
{[%clk 1:22:40]} 8. a4 {[%clk 1:09:30]} b4 {[%clk 1:17:21]} 9. Nd5
{[%clk 1:09:09]} Bb7 {[%clk 1:14:21]} 10. Nd2 {[%clk 1:05:50]} Bc7
{[%clk 1:13:33]} 11. Nf1 {[%clk 1:01:51]} Nge7 {[%clk 1:09:25]} 12. Nfe3
{[%clk 1:01:05]} Nxd5 {[%clk 1:09:16]} 13. Bxd5 {[%clk 0:57:56]} Na5
{[%clk 1:04:18]} 14. Bxb7 {[%clk 0:53:31]} Nxb7 {[%clk 1:04:45]} 15. b3
{[%clk 0:53:17]} Na5 {[%clk 1:03:37]} 16. Nc4 {[%clk 0:47:48]} d5
{[%clk 1:03:02]} 17. Nxa5 {[%clk 0:37:36]} Bxa5 {[%clk 1:00:38]} 18. O-O
{[%clk 0:36:36]} dxe4 {[%clk 0:56:52]} 19. Qg4 {[%clk 0:31:34]} Qf6
{[%clk 0:54:39]} 20. Qxe4 {[%clk 0:31:22]} O-O {[%clk 0:54:53]} 21. Bb2
{[%clk 0:31:40]} Rfe8 {[%clk 0:53:40]} 22. Rae1 {[%clk 0:25:31]} Bc7
{[%clk 0:53:19]} 23. f4 {[%clk 0:25:38]} Qh4 {[%clk 0:50:03]} 24. fxe5
{[%clk 0:25:49]} Qxe4 {[%clk 0:50:07]} 25. Rxe4 {[%clk 0:26:18]} Re6
{[%clk 0:50:22]} 26. Rfe1 {[%clk 0:25:03]} Rae8 {[%clk 0:50:15]} 27. R1e2
{[%clk 0:23:41]} R8e7 {[%clk 0:50:36]} 28. g3 {[%clk 0:23:32]} Kf8
{[%clk 0:50:57]} 29. Kg2 {[%clk 0:20:21]} Ke8 {[%clk 0:51:12]} 30. Kf3
{[%clk 0:19:21]} Kd7 {[%clk 0:51:23]} 31. d4 {[%clk 0:19:19]} f5 {[%clk 0:46:24]}
32. exf6 {[%clk 0:18:19]} Rxe4 {[%clk 0:46:48]} 33. Rxe4 {[%clk 0:18:18]} Rxe4
{[%clk 0:47:08]} 34. Kxe4 {[%clk 0:18:40]} gxf6 {[%clk 0:47:33]} 35. dxc5
{[%clk 0:18:53]} Ke6 {[%clk 0:47:49]} 36. Bc1 {[%clk 0:18:16]} f5+
{[%clk 0:48:04]} 37. Kd4 {[%clk 0:18:23]} h5 {[%clk 0:47:40]} 38. Bf4
{[%clk 0:18:30]} Ba5 {[%clk 0:47:21]} 39. Kc4 {[%clk 0:18:46]} Ke7
{[%clk 0:47:16]} 40. Kd5 {[%clk 0:19:02]} 1-0

[Event "MSRCH16"]
[Site "?"]
[Date "2026.04.15"]
[Round "7.4"]
[White "Mazag, Martin"]
[Black "Sichnenko, Grigorij"]
[Result "0-1"]
[BlackElo "2062"]
[WhiteElo "1975"]
[LiveChessVersion "1.4.8"]

1. e4 {[%clk 1:30:58]} e6 {[%clk 1:30:34]} 2. d4 {[%clk 1:30:49]} d5
{[%clk 1:30:44]} 3. exd5 {[%clk 1:30:22]} exd5 {[%clk 1:31:07]} 4. Bd3
{[%clk 1:30:33]} Nc6 {[%clk 1:31:03]} 5. c3 {[%clk 1:30:50]} Bd6 {[%clk 1:31:18]}
6. h3 {[%clk 1:30:15]} Nge7 {[%clk 1:30:29]} 7. Nf3 {[%clk 1:29:27]} Bf5
{[%clk 1:27:05]} 8. O-O {[%clk 1:27:12]} Bxd3 {[%clk 1:22:05]} 9. Qxd3
{[%clk 1:27:40]} Qd7 {[%clk 1:21:42]} 10. b4 {[%clk 1:27:24]} Ng6
{[%clk 1:09:55]} 11. Re1+ {[%clk 1:25:06]} Nce7 {[%clk 1:09:45]} 12. Nbd2
{[%clk 1:23:07]} f6 {[%clk 1:04:58]} 13. Nb3 {[%clk 1:20:07]} b6 {[%clk 1:01:07]}
14. a4 {[%clk 1:16:36]} O-O {[%clk 0:58:20]} 15. Bd2 {[%clk 1:11:31]} Rfe8
{[%clk 0:54:46]} 16. c4 {[%clk 1:03:30]} dxc4 {[%clk 0:51:53]} 17. Qxc4+
{[%clk 1:03:16]} Kh8 {[%clk 0:46:28]} 18. a5 {[%clk 0:55:05]} Nd5
{[%clk 0:41:56]} 19. b5 {[%clk 0:48:02]} Qf5 {[%clk 0:38:40]} 20. Qc6
{[%clk 0:41:58]} Nge7 {[%clk 0:35:58]} 21. Qc4 {[%clk 0:41:41]} Qg6
{[%clk 0:31:55]} 22. Nc1 {[%clk 0:37:20]} Nf4 {[%clk 0:22:20]} 23. Bxf4
{[%clk 0:37:18]} Bxf4 {[%clk 0:22:44]} 24. axb6 {[%clk 0:33:52]} cxb6
{[%clk 0:20:55]} 25. Nd3 {[%clk 0:33:39]} Bd6 {[%clk 0:19:47]} 26. d5
{[%clk 0:31:51]} Qf5 {[%clk 0:16:31]} 27. Re6 {[%clk 0:27:06]} Red8
{[%clk 0:14:43]} 28. Nd4 {[%clk 0:25:16]} Qxd5 {[%clk 0:09:21]} 29. Qxd5
{[%clk 0:25:37]} Nxd5 {[%clk 0:09:46]} 30. Nc6 {[%clk 0:25:38]} Rd7
{[%clk 0:08:50]} 31. Rae1 {[%clk 0:20:21]} Nc7 {[%clk 0:07:42]} 32. R6e2
{[%clk 0:19:49]} Bf8 {[%clk 0:07:07]} 33. Nf4 {[%clk 0:17:19]} Nxb5
{[%clk 0:07:06]} 34. Re8 {[%clk 0:16:31]} Rxe8 {[%clk 0:03:16]} 35. Rxe8
{[%clk 0:16:58]} Kg8 {[%clk 0:01:16]} 36. Ra8 {[%clk 0:15:27]} Kf7
{[%clk 0:01:34]} 37. Nd8+ {[%clk 0:13:47]} Ke7 {[%clk 0:01:37]} 38. Nc6+
{[%clk 0:14:06]} Kd6 {[%clk 0:00:54]} 39. Nxa7 {[%clk 0:14:08]} Rxa7
{[%clk 0:01:03]} 40. Rxf8 {[%clk 0:14:31]} Nc3 {[%clk 0:00:35]} 41. Rc8
{[%clk 0:10:37]} Ra1+ {[%clk 0:26:35]} 42. Kh2 {[%clk 0:41:03]} Ne4
{[%clk 0:25:45]} 43. f3 {[%clk 0:39:41]} Nc5 {[%clk 0:24:30]} 44. Nh5
{[%clk 0:34:14]} Ra7 {[%clk 0:23:42]} 45. Kg3 {[%clk 0:30:50]} b5
{[%clk 0:21:38]} 46. Rd8+ {[%clk 0:27:22]} Kc6 {[%clk 0:19:54]} 47. Rd1
{[%clk 0:27:20]} b4 {[%clk 0:19:29]} 48. Nf4 {[%clk 0:26:15]} b3 {[%clk 0:18:18]}
49. Ne2 {[%clk 0:24:32]} b2 {[%clk 0:13:28]} 50. Nc3 {[%clk 0:20:03]} Ra1
{[%clk 0:10:34]} 51. Rd4 {[%clk 0:10:32]} Rc1 {[%clk 0:08:29]} 52. Rb4
{[%clk 0:10:14]} Nd3 {[%clk 0:07:28]} 53. Rb3 {[%clk 0:10:00]} Rxc3
{[%clk 0:07:21]} 54. Rxc3+ {[%clk 0:10:20]} Nc5 {[%clk 0:07:43]} 0-1

[Event "MSRCH16"]
[Site "?"]
[Date "2026.04.15"]
[Round "7.5"]
[White "Janoska, Peter"]
[Black "Durovka, Marek"]
[Result "0-1"]
[BlackElo "2054"]
[WhiteElo "1953"]
[LiveChessVersion "1.4.8"]

1. d4 {[%clk 1:30:53]} d5 {[%clk 1:30:34]} 2. Nc3 {[%clk 1:31:08]} Nf6
{[%clk 1:30:48]} 3. Bf4 {[%clk 1:31:27]} e6 {[%clk 1:31:09]} 4. Nb5
{[%clk 1:31:09]} Bb4+ {[%clk 1:31:23]} 5. c3 {[%clk 1:31:04]} Ba5
{[%clk 1:31:46]} 6. a4 {[%clk 1:28:11]} a6 {[%clk 1:17:43]} 7. Na3
{[%clk 1:16:10]} c5 {[%clk 1:09:46]} 8. dxc5 {[%clk 0:51:42]} Bc7
{[%clk 1:09:02]} 9. e3 {[%clk 0:46:21]} e5 {[%clk 0:53:52]} 10. Bg5
{[%clk 0:43:46]} Be6 {[%clk 0:50:44]} 11. Nf3 {[%clk 0:41:02]} Nbd7
{[%clk 0:49:33]} 12. b4 {[%clk 0:39:52]} h6 {[%clk 0:48:24]} 13. Bxf6
{[%clk 0:38:58]} Qxf6 {[%clk 0:47:30]} 14. Be2 {[%clk 0:31:51]} Rd8
{[%clk 0:41:16]} 15. Qc2 {[%clk 0:26:18]} O-O {[%clk 0:39:01]} 16. Rd1
{[%clk 0:24:53]} e4 {[%clk 0:37:57]} 17. Nd4 {[%clk 0:24:08]} Qg5
{[%clk 0:31:47]} 18. g3 {[%clk 0:19:16]} Ne5 {[%clk 0:29:14]} 19. h3
{[%clk 0:14:26]} h5 {[%clk 0:22:16]} 20. Kd2 {[%clk 0:08:23]} Bf5
{[%clk 0:15:49]} 21. h4 {[%clk 0:07:25]} Qg6 {[%clk 0:15:37]} 22. Nxf5
{[%clk 0:07:11]} Qxf5 {[%clk 0:13:59]} 23. Rhf1 {[%clk 0:06:48]} Qf6
{[%clk 0:12:52]} 24. Kc1 {[%clk 0:06:26]} a5 {[%clk 0:09:52]} 25. Nb5
{[%clk 0:05:20]} Bb8 {[%clk 0:09:34]} 26. Rd2 {[%clk 0:04:56]} b6
{[%clk 0:07:55]} 27. Qd1 {[%clk 0:01:57]} bxc5 {[%clk 0:07:30]} 28. bxa5
{[%clk 0:02:00]} Qc6 {[%clk 0:06:46]} 29. Kb2 {[%clk 0:01:25]} Bc7
{[%clk 0:05:11]} 30. Nxc7 {[%clk 0:00:40]} Qxc7 {[%clk 0:05:40]} 31. Bb5
{[%clk 0:00:34]} Qxa5 {[%clk 0:05:03]} 32. Rxd5 {[%clk 0:00:45]} Nd3+
{[%clk 0:05:14]} 33. Rxd3 {[%clk 0:00:47]} exd3 {[%clk 0:05:38]} 34. Qxh5
{[%clk 0:00:53]} Rb8 {[%clk 0:05:19]} 35. Ra1 {[%clk 0:00:35]} Rfd8
{[%clk 0:04:55]} 36. Qd1 {[%clk 0:00:36]} d2 {[%clk 0:04:23]} 37. Kc2
{[%clk 0:00:45]} c4 {[%clk 0:03:10]} 38. Rb1 {[%clk 0:00:33]} Rxb5
{[%clk 0:02:54]} 39. axb5 {[%clk 0:00:33]} Qa2+ {[%clk 0:02:56]} 40. Rb2
{[%clk 0:00:32]} Qa4+ {[%clk 0:03:21]} 0-1

[Event "MSRCH16"]
[Site "?"]
[Date "2026.04.15"]
[Round "7.6"]
[White "Livnansky, Michal"]
[Black "Ropovik, Samuel"]
[Result "1-0"]
[BlackElo "2072"]
[WhiteElo "1910"]
[LiveChessVersion "1.4.8"]

1. e4 {[%clk 1:30:55]} c5 {[%clk 1:30:50]} 2. Nf3 {[%clk 1:31:21]} e6
{[%clk 1:30:45]} 3. c3 {[%clk 1:30:59]} Nf6 {[%clk 1:31:05]} 4. e5
{[%clk 1:31:16]} Nd5 {[%clk 1:31:28]} 5. d4 {[%clk 1:31:35]} cxd4
{[%clk 1:31:45]} 6. cxd4 {[%clk 1:31:12]} b6 {[%clk 1:32:01]} 7. Nc3
{[%clk 1:29:07]} Bb7 {[%clk 1:31:47]} 8. Bd3 {[%clk 1:23:51]} Na6
{[%clk 1:31:19]} 9. O-O {[%clk 1:23:26]} Nac7 {[%clk 1:23:01]} 10. Ng5
{[%clk 1:14:13]} Nxc3 {[%clk 0:56:38]} 11. bxc3 {[%clk 1:14:34]} d6
{[%clk 0:57:03]} 12. Qa4+ {[%clk 1:12:12]} Qd7 {[%clk 0:51:47]} 13. Qxd7+
{[%clk 1:12:13]} Kxd7 {[%clk 0:52:10]} 14. Nxf7 {[%clk 1:12:27]} Rg8
{[%clk 0:52:39]} 15. Bxh7 {[%clk 1:12:42]} Be7 {[%clk 0:52:41]} 16. Bxg8
{[%clk 1:12:31]} Rxg8 {[%clk 0:53:10]} 17. exd6 {[%clk 1:12:47]} Ke8
{[%clk 0:52:56]} 1-0

[Event "MSRCH16"]
[Site "?"]
[Date "2026.04.15"]
[Round "7.7"]
[White "Brand, Filip"]
[Black "Jursa, Juraj"]
[Result "1/2-1/2"]
[BlackElo "2001"]
[WhiteElo "1777"]
[LiveChessVersion "1.4.8"]

1. d4 {[%clk 1:30:47]} Nf6 {[%clk 1:30:56]} 2. Nc3 {[%clk 1:31:05]} d5
{[%clk 1:31:19]} 3. Bf4 {[%clk 1:31:22]} g6 {[%clk 1:31:15]} 4. e3
{[%clk 1:31:31]} Bg7 {[%clk 1:31:30]} 5. h4 {[%clk 1:31:53]} h5 {[%clk 1:31:55]}
6. Nf3 {[%clk 1:31:19]} O-O {[%clk 1:31:54]} 7. Ne5 {[%clk 1:29:10]} c5
{[%clk 1:28:39]} 8. Be2 {[%clk 1:28:23]} Nc6 {[%clk 1:28:24]} 9. f3
{[%clk 1:22:37]} cxd4 {[%clk 1:23:46]} 10. exd4 {[%clk 1:22:23]} Bf5
{[%clk 1:20:18]} 11. g4 {[%clk 1:19:57]} hxg4 {[%clk 1:14:46]} 12. fxg4
{[%clk 1:19:18]} Be4 {[%clk 1:14:29]} 13. Rg1 {[%clk 1:18:14]} Nh7
{[%clk 1:13:01]} 14. Qd2 {[%clk 1:14:00]} Qb6 {[%clk 1:11:22]} 15. O-O-O
{[%clk 1:08:07]} Nxe5 {[%clk 1:06:24]} 16. dxe5 {[%clk 1:06:00]} Rfd8
{[%clk 1:05:25]} 17. g5 {[%clk 0:52:20]} Qe6 {[%clk 1:03:17]} 18. Bg4
{[%clk 0:37:04]} Bf5 {[%clk 1:00:59]} 19. Bxf5 {[%clk 0:37:04]} Qxf5
{[%clk 1:01:23]} 20. Qh2 {[%clk 0:37:03]} Rac8 {[%clk 0:54:02]} 21. Nxd5
{[%clk 0:35:40]} Rd7 {[%clk 0:49:34]} 22. Rd4 {[%clk 0:27:02]} Qe6
{[%clk 0:46:47]} 23. Rgd1 {[%clk 0:26:25]} Rcd8 {[%clk 0:46:00]} 24. Qd2
{[%clk 0:25:31]} Kh8 {[%clk 0:42:32]} 25. Kb1 {[%clk 0:12:52]} Nf8
{[%clk 0:35:04]} 26. c3 {[%clk 0:09:20]} Qf5+ {[%clk 0:29:29]} 27. Kc1
{[%clk 0:00:35]} Ne6 {[%clk 0:26:43]} 28. Rd3 {[%clk 0:00:40]} Bxe5
{[%clk 0:19:01]} 29. Bxe5+ {[%clk 0:00:50]} Qxe5 {[%clk 0:19:16]} 30. Re1
{[%clk 0:00:35]} Qf5 {[%clk 0:18:28]} 31. Rd1 {[%clk 0:00:35]} Nc7
{[%clk 0:17:38]} 32. Nb4 {[%clk 0:00:32]} Rxd3 {[%clk 0:16:05]} 33. Nxd3
{[%clk 0:00:57]} Ne6 {[%clk 0:12:51]} 34. Qe2 {[%clk 0:00:45]} Kg7
{[%clk 0:06:18]} 35. Qe5+ {[%clk 0:00:41]} f6 {[%clk 0:03:30]} 36. gxf6+
{[%clk 0:00:51]} exf6 {[%clk 0:02:46]} 37. Qxf5 {[%clk 0:01:07]} gxf5
{[%clk 0:03:15]} 38. Kc2 {[%clk 0:01:03]} Rh8 {[%clk 0:01:49]} 39. Re1
{[%clk 0:00:57]} Kf7 {[%clk 0:02:04]} 40. Rf1 {[%clk 0:00:57]} Kg6
{[%clk 0:01:08]} 41. Nf4+ {[%clk 0:00:33]} Nxf4 {[%clk 0:27:50]} 42. Rxf4
{[%clk 0:30:56]} Re8 {[%clk 0:28:01]} 43. Kd3 {[%clk 0:27:52]} Re1
{[%clk 0:27:29]} 44. a4 {[%clk 0:25:55]} Rg1 {[%clk 0:26:48]} 45. Ke3
{[%clk 0:24:18]} Re1+ {[%clk 0:22:14]} 46. Kd3 {[%clk 0:21:23]} Re5
{[%clk 0:21:18]} 47. b4 {[%clk 0:19:30]} Re1 {[%clk 0:16:10]} 48. a5
{[%clk 0:18:01]} 1/2-1/2

[Event "MSRCH16"]
[Site "?"]
[Date "2026.04.15"]
[Round "7.8"]
[White "Boros, David"]
[Black "Pauko, Sebastian"]
[Result "1-0"]
[BlackElo "1726"]
[WhiteElo "1966"]
[LiveChessVersion "1.4.8"]

1. e4 {[%clk 1:30:46]} c6 {[%clk 1:30:52]} 2. Nc3 {[%clk 1:30:35]} d5
{[%clk 1:31:13]} 3. Nf3 {[%clk 1:30:52]} d4 {[%clk 1:30:52]} 4. Ne2
{[%clk 1:31:10]} c5 {[%clk 1:31:01]} 5. c3 {[%clk 1:31:32]} d3 {[%clk 1:25:30]}
6. Nf4 {[%clk 1:31:48]} Bg4 {[%clk 1:24:39]} 7. Nxd3 {[%clk 1:27:43]} e6
{[%clk 1:22:14]} 8. Qa4+ {[%clk 1:25:33]} Qd7 {[%clk 1:20:47]} 9. Qxd7+
{[%clk 1:24:02]} Nxd7 {[%clk 1:21:15]} 10. Nfe5 {[%clk 1:21:39]} Ngf6
{[%clk 1:14:19]} 11. f3 {[%clk 1:14:26]} Bh5 {[%clk 1:13:56]} 12. g4
{[%clk 1:12:45]} Nxe5 {[%clk 1:08:39]} 13. Nxe5 {[%clk 1:12:59]} Bd6
{[%clk 1:08:56]} 14. Nc4 {[%clk 1:12:23]} Bxg4 {[%clk 1:07:01]} 15. fxg4
{[%clk 1:05:59]} Bc7 {[%clk 1:06:58]} 16. e5 {[%clk 1:00:53]} Nxg4
{[%clk 1:05:00]} 17. d4 {[%clk 0:57:59]} cxd4 {[%clk 1:04:15]} 18. cxd4
{[%clk 0:58:23]} O-O-O {[%clk 1:04:26]} 19. h3 {[%clk 0:57:55]} Nh6
{[%clk 1:04:20]} 20. Bxh6 {[%clk 0:57:05]} gxh6 {[%clk 1:04:49]} 21. O-O-O
{[%clk 0:56:52]} Rhg8 {[%clk 1:03:43]} 22. Be2 {[%clk 0:51:33]} Rg2
{[%clk 0:59:10]} 23. Bg4 {[%clk 0:50:28]} Rg8 {[%clk 0:58:22]} 24. d5
{[%clk 0:41:28]} h5 {[%clk 0:56:54]} 25. dxe6 {[%clk 0:40:28]} hxg4
{[%clk 0:55:50]} 26. exf7 {[%clk 0:40:52]} Rf8 {[%clk 0:54:39]} 27. e6
{[%clk 0:40:53]} Re2 {[%clk 0:53:33]} 28. Rhe1 {[%clk 0:38:25]} Rxe1
{[%clk 0:49:57]} 29. Rxe1 {[%clk 0:38:36]} Bd8 {[%clk 0:47:11]} 30. e7
{[%clk 0:35:14]} Bxe7 {[%clk 0:46:24]} 31. Rxe7 {[%clk 0:35:36]} gxh3
{[%clk 0:46:34]} 32. Re8+ {[%clk 0:35:26]} Kc7 {[%clk 0:46:47]} 33. Rxf8
{[%clk 0:35:29]} h2 {[%clk 0:46:58]} 34. Rc8+ {[%clk 0:35:52]} Kd7
{[%clk 0:46:50]} 35. Rd8+ {[%clk 0:36:17]} 1-0

[Event "MSRCH16"]
[Site "?"]
[Date "2026.04.15"]
[Round "7.9"]
[White "Papay, Aurel"]
[Black "Mrazik, Lukas"]
[Result "0-1"]
[BlackElo "1929"]
[WhiteElo "1625"]
[LiveChessVersion "1.4.8"]

1. c4 {[%clk 1:30:54]} b6 {[%clk 1:30:49]} 2. Nc3 {[%clk 1:30:41]} Bb7
{[%clk 1:31:14]} 3. d3 {[%clk 1:27:35]} e6 {[%clk 1:30:55]} 4. Nf3
{[%clk 1:20:33]} Bb4 {[%clk 1:30:58]} 5. Bd2 {[%clk 1:19:18]} f5 {[%clk 1:30:49]}
6. a3 {[%clk 1:18:54]} Bxc3 {[%clk 1:30:37]} 7. Bxc3 {[%clk 1:19:11]} Nf6
{[%clk 1:31:02]} 8. b4 {[%clk 1:05:47]} O-O {[%clk 1:29:46]} 9. e3
{[%clk 1:02:44]} d6 {[%clk 1:28:57]} 10. Be2 {[%clk 1:02:19]} Nbd7
{[%clk 1:28:26]} 11. O-O {[%clk 1:02:08]} Qe8 {[%clk 1:27:23]} 12. Nd4
{[%clk 0:56:45]} c5 {[%clk 1:09:23]} 13. Nc2 {[%clk 0:42:34]} Qe7
{[%clk 0:56:08]} 14. Bf3 {[%clk 0:33:53]} Bxf3 {[%clk 0:52:15]} 15. Qxf3
{[%clk 0:34:12]} Ne5 {[%clk 0:51:47]} 16. Qe2 {[%clk 0:27:57]} Ned7
{[%clk 0:44:49]} 17. b5 {[%clk 0:26:39]} Rfd8 {[%clk 0:43:03]} 18. f4
{[%clk 0:23:19]} d5 {[%clk 0:38:16]} 19. Ne1 {[%clk 0:20:06]} dxc4
{[%clk 0:34:59]} 20. dxc4 {[%clk 0:20:25]} Ne4 {[%clk 0:30:10]} 21. Bb2
{[%clk 0:19:18]} e5 {[%clk 0:23:08]} 22. Nd3 {[%clk 0:14:57]} exf4
{[%clk 0:23:11]} 23. Nxf4 {[%clk 0:14:37]} Ndf6 {[%clk 0:21:59]} 24. Bxf6
{[%clk 0:06:42]} Nxf6 {[%clk 0:22:13]} 25. Rad1 {[%clk 0:02:25]} g6
{[%clk 0:19:10]} 26. Nd5 {[%clk 0:01:05]} Nxd5 {[%clk 0:19:16]} 27. cxd5
{[%clk 0:01:25]} Rd6 {[%clk 0:19:14]} 28. Rd2 {[%clk 0:00:35]} Rad8
{[%clk 0:16:30]} 29. Rfd1 {[%clk 0:00:55]} Qe4 {[%clk 0:15:56]} 30. Qf3
{[%clk 0:00:34]} Re8 {[%clk 0:09:43]} 31. Qxe4 {[%clk 0:00:35]} Rxe4
{[%clk 0:10:07]} 32. Rd3 {[%clk 0:00:34]} Kf7 {[%clk 0:09:51]} 33. Kf2
{[%clk 0:00:38]} Kf6 {[%clk 0:09:56]} 34. Kf3 {[%clk 0:00:48]} Re8
{[%clk 0:07:13]} 35. h3 {[%clk 0:00:47]} Ke5 {[%clk 0:06:16]} 36. g4
{[%clk 0:00:44]} Red8 {[%clk 0:05:57]} 37. gxf5 {[%clk 0:00:40]} gxf5
{[%clk 0:06:20]} 38. Rg1 {[%clk 0:00:36]} Rxd5 {[%clk 0:06:12]} 39. Rxd5+
{[%clk 0:00:45]} Rxd5 {[%clk 0:06:04]} 40. Rg7 {[%clk 0:00:42]} c4
{[%clk 0:03:12]} 41. Rxa7 {[%clk 0:00:33]} Rc5 {[%clk 0:26:21]} 42. Ke2
{[%clk 0:09:12]} c3 {[%clk 0:26:20]} 43. Kd1 {[%clk 0:09:35]} c2+
{[%clk 0:26:25]} 44. Kc1 {[%clk 0:10:02]} Ke4 {[%clk 0:25:45]} 45. Re7+
{[%clk 0:08:58]} Kd3 {[%clk 0:24:51]} 46. a4 {[%clk 0:08:42]} Kc3
{[%clk 0:22:24]} 47. Rxh7 {[%clk 0:06:18]} Kb3 {[%clk 0:21:28]} 48. Rd7
{[%clk 0:05:14]} Rc3 {[%clk 0:19:50]} 49. Rd2 {[%clk 0:01:02]} f4
{[%clk 0:12:32]} 50. h4 {[%clk 0:00:38]} f3 {[%clk 0:12:37]} 51. h5
{[%clk 0:00:35]} Rxe3 {[%clk 0:12:59]} 52. Rxc2 {[%clk 0:00:31]} Re1+
{[%clk 0:13:19]} 0-1

[Event "MSRCH16"]
[Site "?"]
[Date "2026.04.15"]
[Round "7.10"]
[White "Sekera, Timotej"]
[Black "Sekerak, Filip"]
[Result "1-0"]
[BlackElo "1764"]
[WhiteElo "1916"]
[LiveChessVersion "1.4.8"]

1. g3 {[%clk 1:30:57]} g6 {[%clk 1:30:54]} 2. Bg2 {[%clk 1:31:19]} Bg7
{[%clk 1:31:21]} 3. e4 {[%clk 1:31:41]} e5 {[%clk 1:31:36]} 4. Ne2
{[%clk 1:30:48]} Nc6 {[%clk 1:31:53]} 5. O-O {[%clk 1:31:04]} Nf6
{[%clk 1:32:19]} 6. d4 {[%clk 1:31:18]} d6 {[%clk 1:31:52]} 7. Nbc3
{[%clk 1:31:11]} exd4 {[%clk 1:32:00]} 8. Nxd4 {[%clk 1:31:31]} O-O
{[%clk 1:31:27]} 9. Re1 {[%clk 1:29:12]} Re8 {[%clk 1:31:48]} 10. Nxc6
{[%clk 1:26:16]} bxc6 {[%clk 1:32:13]} 11. e5 {[%clk 1:26:37]} Nd5
{[%clk 1:30:09]} 12. Nxd5 {[%clk 1:24:00]} cxd5 {[%clk 1:30:30]} 13. Bxd5
{[%clk 1:22:35]} Rb8 {[%clk 1:29:23]} 14. exd6 {[%clk 1:22:00]} cxd6
{[%clk 1:28:16]} 15. Bg5 {[%clk 1:18:34]} Rxe1+ {[%clk 1:24:29]} 16. Qxe1
{[%clk 1:18:18]} Qc7 {[%clk 1:24:20]} 17. c3 {[%clk 1:15:34]} h6 {[%clk 1:23:29]}
18. Bf4 {[%clk 1:08:53]} g5 {[%clk 1:22:48]} 19. Be3 {[%clk 1:05:50]} Rxb2
{[%clk 1:22:09]} 20. Bd4 {[%clk 1:04:31]} Bxd4 {[%clk 1:17:45]} 21. cxd4
{[%clk 1:04:07]} Qd8 {[%clk 1:09:04]} 22. Qc3 {[%clk 1:02:46]} Rb6
{[%clk 1:07:34]} 23. Re1 {[%clk 1:01:42]} Bf5 {[%clk 1:04:17]} 24. Qf3
{[%clk 0:59:25]} Bg6 {[%clk 1:04:04]} 25. Bc6 {[%clk 0:59:39]} Qc7
{[%clk 1:01:27]} 26. d5 {[%clk 0:57:29]} Rb2 {[%clk 0:56:47]} 27. Re8+
{[%clk 0:52:22]} Kh7 {[%clk 0:57:03]} 28. Qf6 {[%clk 0:52:43]} Rb1+
{[%clk 0:55:39]} 29. Kg2 {[%clk 0:52:44]} Be4+ {[%clk 0:56:00]} 30. Rxe4
{[%clk 0:53:03]} Rb8 {[%clk 0:55:22]} 31. Re7 {[%clk 0:53:11]} Qxe7
{[%clk 0:54:16]} 32. Qxe7 {[%clk 0:53:32]} 1-0

[Event "MSRCH16"]
[Site "?"]
[Date "2026.04.15"]
[Round "7.11"]
[White "Chmurny, Richard"]
[Black "Holecko, Samuel"]
[Result "0-1"]
[BlackElo "1812"]
[WhiteElo "1734"]
[LiveChessVersion "1.4.8"]

1. e4 {[%clk 1:30:59]} c5 {[%clk 1:30:35]} 2. d4 {[%clk 1:31:24]} cxd4
{[%clk 1:31:01]} 3. c3 {[%clk 1:31:49]} dxc3 {[%clk 1:31:30]} 4. Nxc3
{[%clk 1:32:12]} Nc6 {[%clk 1:31:40]} 5. Nf3 {[%clk 1:32:36]} e6 {[%clk 1:31:52]}
6. Bc4 {[%clk 1:32:58]} Bb4 {[%clk 1:29:33]} 7. O-O {[%clk 1:32:06]} Nge7
{[%clk 1:23:33]} 8. Bg5 {[%clk 1:28:51]} Bxc3 {[%clk 1:18:41]} 9. bxc3
{[%clk 1:29:05]} d5 {[%clk 1:03:42]} 10. exd5 {[%clk 1:21:54]} exd5
{[%clk 1:03:30]} 11. Bb5 {[%clk 1:21:59]} O-O {[%clk 1:01:00]} 12. Re1
{[%clk 1:21:24]} f6 {[%clk 0:57:20]} 13. Be3 {[%clk 1:18:24]} Bg4
{[%clk 0:46:47]} 14. Bc5 {[%clk 1:00:28]} Re8 {[%clk 0:35:22]} 15. Qa4
{[%clk 0:49:54]} Bxf3 {[%clk 0:24:09]} 16. gxf3 {[%clk 0:50:18]} a6
{[%clk 0:23:46]} 17. Bxc6 {[%clk 0:45:03]} Nxc6 {[%clk 0:23:34]} 18. Red1
{[%clk 0:43:51]} Qd7 {[%clk 0:17:44]} 19. Qb3 {[%clk 0:35:07]} Re5
{[%clk 0:11:52]} 20. Kh1 {[%clk 0:27:47]} Qh3 {[%clk 0:10:21]} 21. c4
{[%clk 0:22:13]} Rh5 {[%clk 0:09:41]} 22. Bd6 {[%clk 0:20:16]} Ne5
{[%clk 0:10:03]} 23. Bxe5 {[%clk 0:20:37]} fxe5 0-1